00693cam a22001937a 4500003000500000005001700005008004100022010001000063011001000073035001000083040000900093100003900102245011900141260007200260300004600332650005600378650003800434700002700472CHAP20220329142129.0990831 1996 es a r 00010 spa d a78917 a79889 a90306 cCHAP00aGonzález Andújar, José Luis. 0aAplicación de los sistemas expertos en agriculturac/por José Luis González Andújar y Beatriz Recio Aguado aMadrid :bMinisterio de Agricultura, Pesca y Alimentación,c1996. a781 p. + 1 disco flexible de 3.5 :bilus.14aProcesamiento automático de datos en agricultura.14aSistemas expertos (Computación)0 aRecio Aguado, Beatriz.